00810nam a2200217 a 450000100060000000300080000600500170001400800410003103500190007204000310009104100080012208200220013024502250015226000430037730000290042050400290044965000320047865000380051070000160054870000280056471652BD-RjUL20211209082135.0170506s1962 nyua b 100 0 eng  a(BD-RjUL)71868 aDLC/ICUcICUdBD-RjULbeng aeng00a532223bFLU 196210aFluid dynamics and applied mathematics :bproceedings of the symposium sponsored by the Institute for Fluid Dynamics and Applied Mathematics, University of Maryland, April 28-29, 1961 /cedited by J.B. Diaz and S.I. Pai. aNew York :bGordon and Breach,cc1962. a207 p. :bill. ;c24 cm. aIncludes bibliographies. 0aFluid dynamicsxCongresses. 0aMathematical physicsxCongresses.1 aDiaz, J. B.1 aPai, Shih-i,ejoint ed.